| 000 | 00382 a2200157 4500 | ||
|---|---|---|---|
| 001 | 194888 | ||
| 020 | _a978-85-62362-74-3 | ||
| 040 | _cMagnum | ||
| 100 | _aSILVA, Isabel Cristina Nogueira da | ||
| 240 | 1 | 0 |
_aLagarta Benguela, Borboleta bela _lpor |
| 245 | 1 | 0 | _aLagarta Benguela, Borboleta bela |
| 300 | _a22 | ||
| 362 | 0 | _a2010 | |
| 697 | _aLITERATURA INFANTIL | ||
| 942 | _cBK | ||
| 999 |
_c194888 _d194888 |
||